• 首页
  • 本馆介绍
  • 公告通知
  • 最新文献
  • 馆藏检索
  • 电子资源
  • 读者导购
  • 参考咨询
  • 我的图书馆
  • 登录
  • 详细信息显示
  • 放入我的书架
  • 预约/预借图书
  • 作者相关作品
  • 分类相关作品
  • 丛书相关作品
  • 出版社相关作品

书目信息

  • 表格格式
  • 工作单格式
  • 卡片格式
题名:
完美应用RHEL 8
    
 
作者: 何晓龙编著
分册:  
出版信息: 北京   电子工业出版社  2021
页数: 358页
开本: 26cm
丛书名:
单 册:
中图分类: TP316.5
科图分类:
主题词: 软件
电子资源:
ISBN: 978-7-121-41038-3
000 00948nam0 2200205 450
001 2368403480
005 20231128150835.24
010    @a978-7-121-41038-3@dCNY105.00
100    @a20210618d2021 em y0chiy0120 ea
101 0  @achi
102    @aCN@b110000
105    @aa z 000yy
200 1  @a完美应用RHEL 8@9wan mei ying yong RHEL 8@b专著@f何晓龙编著
210    @a北京@c电子工业出版社@d2021
215    @a358页@c图@d26cm
330    @a本书分3篇(18章及附录),第1篇是RHEL 8必知必会,介绍用好RHEL 8所需要的基础知识,如服务器及企业级存储、单节点部署、必要的配置、软件包管理及服务器硬化等内容,为掌握更加复杂的技术打下坚实的基础。第2篇是RHEL 8部署和管理进阶,侧重点为企业大规模的服务器应用、Linux内核及进程管理及自动化管理基础等。第3篇是企业高频服务和应用,介绍如何让企业的服务器助力企业的业务,让RHEL 8的各种服务及应用来创造价值等。
606 0  @a软件
690    @aTP316.5@v4
801  0 @aCN@b大连网信软件有限公司图书馆·11@c20231128
905    @aBZT@dTP316.5@e7
    
    完美应用RHEL 8/何晓龙编著.-北京:电子工业出版社,2021
    358页:图;26cm
    
    
    ISBN 978-7-121-41038-3:CNY105.00
    本书分3篇(18章及附录),第1篇是RHEL 8必知必会,介绍用好RHEL 8所需要的基础知识,如服务器及企业级存储、单节点部署、必要的配置、软件包管理及服务器硬化等内容,为掌握更加复杂的技术打下坚实的基础。第2篇是RHEL 8部署和管理进阶,侧重点为企业大规模的服务器应用、Linux内核及进程管理及自动化管理基础等。第3篇是企业高频服务和应用,介绍如何让企业的服务器助力企业的业务,让RHEL 8的各种服务及应用来创造价值等。
●
相关链接 在五车中查询图书 在当当中查询图书 在豆瓣中查询图书


正题名:完美应用RHEL 8     索取号:TP316.5/7         预约/预借

序号 登录号 条形码 馆藏地/架位号 状态 备注
1 2001048890   2001048890   中教第一批/山东中教(第二书库)/695/ [索取号:TP316.5/7] 在馆    
2 2001173992   2001173992   中教(第二批第二书库)/山东中教(第二批)/1534/ [索取号:TP316.5/7] 在馆    
3 2001173993   2001173993   中教(第二批第二书库)/山东中教(第二批)/1534/ [索取号:TP316.5/7] 在馆    
4 2001173994   2001173994   中教(第二批第二书库)/山东中教(第二批)/1534/ [索取号:TP316.5/7] 在馆    
5 2001173995   2001173995   中教(第二批第二书库)/山东中教(第二批)/1534/ [索取号:TP316.5/7] 在馆    
6 2001173996   2001173996   中教(第二批第二书库)/山东中教(第二批)/1534/ [索取号:TP316.5/7] 在馆    
7 2001173997   2001173997   中教(第二批第二书库)/山东中教(第二批)/1534/ [索取号:TP316.5/7] 在馆    
8 2001173998   2001173998   中教(第二批第二书库)/山东中教(第二批)/1534/ [索取号:TP316.5/7] 在馆    
9 2001173999   2001173999   中教(第二批第二书库)/山东中教(第二批)/1534/ [索取号:TP316.5/7] 在馆    
10 2001174000   2001174000   中教(第二批第二书库)/山东中教(第二批)/1534/ [索取号:TP316.5/7] 在馆    
11 2001174001   2001174001   中教(第二批第二书库)/山东中教(第二批)/1534/ [索取号:TP316.5/7] 在馆    
12 2001174002   2001174002   中教(第二批第二书库)/山东中教(第二批)/1534/ [索取号:TP316.5/7] 在馆    
13 2001174003   2001174003   中教(第二批第二书库)/山东中教(第二批)/1534/ [索取号:TP316.5/7] 在馆    
14 2001174004   2001174004   中教(第二批第二书库)/山东中教(第二批)/1534/ [索取号:TP316.5/7] 在馆    
15 2001174005   2001174005   中教(第二批第二书库)/山东中教(第二批)/1534/ [索取号:TP316.5/7] 在馆    
16 2001174006   2001174006   中教(第二批第二书库)/山东中教(第二批)/1534/ [索取号:TP316.5/7] 在馆    
17 2001174007   2001174007   中教(第二批第二书库)/山东中教(第二批)/1534/ [索取号:TP316.5/7] 在馆    
18 2001174008   2001174008   中教(第二批第二书库)/山东中教(第二批)/1534/ [索取号:TP316.5/7] 在馆    
19 2001174009   2001174009   中教(第二批第二书库)/山东中教(第二批)/1534/ [索取号:TP316.5/7] 在馆    
20 2001174010   2001174010   中教(第二批第二书库)/山东中教(第二批)/1534/ [索取号:TP316.5/7] 在馆    
21 2001174011   2001174011   中教(第二批第二书库)/山东中教(第二批)/1534/ [索取号:TP316.5/7] 在馆    
22 2001174012   2001174012   中教(第二批第二书库)/山东中教(第二批)/1534/ [索取号:TP316.5/7] 在馆    
23 2001174013   2001174013   中教(第二批第二书库)/山东中教(第二批)/1534/ [索取号:TP316.5/7] 在馆    
24 2001174014   2001174014   中教(第二批第二书库)/山东中教(第二批)/1534/ [索取号:TP316.5/7] 在馆    
25 2001174015   2001174015   中教(第二批第二书库)/山东中教(第二批)/1534/ [索取号:TP316.5/7] 在馆    
山东省滨州职业学院图书馆 欢迎您!
大连网信软件有限公司© 版权所有